Spolupráce mezi propagací filmu a merchandisingem

Spojenie filmu s propagovaným produktom. Na prvom mieste animované filmy. Univerzálna cieľová skupina. Reklama na produkt v hranom filme. Príprava takejto kampane. Úspešnosť reklamy na produkty Veselá kráva v animovanom filme Doba ledová.

Guardado en:
Detalles Bibliográficos
Autor principal: Vyhnánková, Vlasta
Formato: Capítulo de libro
Lenguaje:checo
Materias:
Etiquetas: Agregar Etiqueta
Sin Etiquetas, Sea el primero en etiquetar este registro!

MARC

LEADER 00000naa$a2200000$$$4500
001 0051859
005 20231016105216.1
041 0 |a cze 
044 |a CZ 
245 1 0 |a Spolupráce mezi propagací filmu a merchandisingem  |c Vlasta Vyhnánková 
520 |a Spojenie filmu s propagovaným produktom. Na prvom mieste animované filmy. Univerzálna cieľová skupina. Reklama na produkt v hranom filme. Príprava takejto kampane. Úspešnosť reklamy na produkty Veselá kráva v animovanom filme Doba ledová. 
610 2 0 |a propagácia 
610 2 0 |a reklama 
610 2 0 |a komunikácia masová 
610 2 0 |a produkty 
610 2 0 |a film 
610 2 0 |a merchandising 
100 1 |a Vyhnánková, Vlasta